000 00261nam a2200097Ia 4500
082 _aT 920.02 SWAI
245 0 _aStories of courage
100 _a Swain, Clare Harlow, Essex, 2004
_996488
942 _cBK
008 210817s9999 xx 000 0 und d
999 _c405489
_d405488